| 000 | 01053cam a22002538i 4500 | ||
|---|---|---|---|
| 999 |
_c58419 _d58419 |
||
| 001 | 20757954 | ||
| 005 | 20221107170314.0 | ||
| 008 | 181127s2019 nyu b 001 0 eng | ||
| 020 | _a9781138613058 X | ||
| 041 | _aeng | ||
| 080 | _a372 T-29 | ||
| 245 | 0 | 0 |
_aTeaching science and technology in the early years (3-7) / _cDan Davies, Alan Howe, Christopher Collier, Rebecca Digby, Sarah Earle and Kendra McMahon. |
| 250 | _aThird edition. | ||
| 264 | 4 |
_cLondon : _aRoutledge, _b2019. |
|
| 300 |
_a256 pages ; _b25 cm. |
||
| 653 | _aპედაგოგიკა | ||
| 653 | _aПедагогика | ||
| 653 | _aტექნოლოგიების შესწავლა ადრეულ ასაკში | ||
| 653 | _aИзучение технологических наук в дошкольном возрасте | ||
| 700 | 1 |
_aDavies, Dan _q _d _eავტორი _913447 |
|
| 700 | 1 |
_aHowe, Alan _eავტორი _913448 |
|
| 700 | 1 |
_aCollier, Christopher და სხვ. _eავტორი _913449 |
|
| 942 |
_2udc _cBK |
||